000 00763nam a2200205Ia 4500
001 9790
003 GE_BSU
008 181216s||||||||xx |||||||||||||| ||und||
040 _cGE_BSU
080 _a821.353.1
100 _aორბელიანი, გრიგოლ.
245 _aწერილები ტ.2
245 _cრედ. და შენიშვნ. აკაკი წერეთელი.მხატვ.ლ.ქუთათელაძე და ლ.გრიგოლია
260 _aთბილისი
260 _bსახელმწიფო გამომცემლობა
260 _c1937
300 _a400გვ.23სმ.სურ. და პორტრ.
653 _aწერილები
942 _cBK
999 _c43070
_d43070